Transferové oceňovanie ekonomická podstata a prehľad právnej úpravy

Podstata transferového oceňovania, právna úprava závislých osôb v zákone o dani z príjmov, metódy zistenia zdaniteľného rozdielu, stála prevádzkareň, dokumentácia k transferovému oceňovaniu, osoby s osobitným vzťahom v zákone o DPH, oceňovanie v cenových predpisoch a kalkuláciách.

Na minha lista:
Detalhes bibliográficos
Autor principal: Pastierik, Vladimír
Formato: Capítulo de Livro
Idioma:eslovaco
Assuntos:
Tags: Adicionar Tag
Sem tags, seja o primeiro a adicionar uma tag!

MARC

LEADER 00000naa a2200000 4500
001 0200470
005 20231114104029.7
041 0 |a slo 
044 |a SK 
245 1 0 |a Transferové oceňovanie  |b ekonomická podstata a prehľad právnej úpravy  |c Vladimír Pastierik 
520 |a Podstata transferového oceňovania, právna úprava závislých osôb v zákone o dani z príjmov, metódy zistenia zdaniteľného rozdielu, stála prevádzkareň, dokumentácia k transferovému oceňovaniu, osoby s osobitným vzťahom v zákone o DPH, oceňovanie v cenových predpisoch a kalkuláciách. 
610 2 0 |a oceňovanie transferové 
610 2 0 |a úpravy právne 
100 1 |a Pastierik, Vladimír